书目信息 |
| 题名: |
谋略决定成败
|
|
| 作者: | 曾小平 , 盘和林 著 | |
| 分册: | ||
| 出版信息: | 武汉 湖北人民出版社 2008 |
|
| 页数: | 267页 | |
| 开本: | 24cm | |
| 丛书名: | ||
| 单 册: | ||
| 中图分类: | B848.4-49 | |
| 科图分类: | ||
| 主题词: | 成功心理学--cheng gong xin li xue--通俗读物 | |
| 电子资源: | ||
| ISBN: | 978-7-216-05374-7 | |
| 000 | 00934nam2 2200253 450 | |
| 001 | 0100000813 | |
| 005 | 20080415090000.0 | |
| 010 | @a978-7-216-05374-7@dCNY33.00 | |
| 100 | @a20080415d2008 ekmy0chiy0121 ea | |
| 101 | 0 | @achi |
| 102 | @aCN@b420000 | |
| 105 | @ay z 000yy | |
| 106 | @ar | |
| 200 | 1 | @a谋略决定成败@Amou lue jue ding cheng bai@e掌控你命运的48计@f曾小平, 盘和林著 |
| 210 | @a武汉@c湖北人民出版社@d2008 | |
| 215 | @a267页@d24cm | |
| 330 | @a本书精心总结的这套四十八计能够帮助读者在处理各类事务中采取明智与积极的态度, 选择恰当的方式方法, 理清解决事务的头绪, 通权达变地处理各种事务, 制造与寻找成功的机会。 | |
| 517 | 1 | @a掌控你命运的48计@Azhang kong ni ming yun 48 ji |
| 606 | 0 | @a成功心理学@Acheng gong xin li xue@j通俗读物 |
| 690 | @aB848.4-49@v4 | |
| 701 | 0 | @a曾小平@Axiao ping@4著 |
| 701 | 0 | @a盘和林@Apan lin@4著 |
| 801 | 0 | @aCN@c20070824 |
| 905 | @b20669998-70000@dB848.4-49@eZ031@fB848.4-49/Z031 | |
| 谋略决定成败:掌控你命运的48计/曾小平, 盘和林著.-武汉:湖北人民出版社,2008 |
| 267页;24cm |
| ISBN 978-7-216-05374-7:CNY33.00 |
| 本书精心总结的这套四十八计能够帮助读者在处理各类事务中采取明智与积极的态度, 选择恰当的方式方法, 理清解决事务的头绪, 通权达变地处理各种事务, 制造与寻找成功的机会。 |
| ● |
| 相关链接 |
|
|
|
正题名:谋略决定成败
索取号:B848.4-49/Z031
 
预约/预借
| 序号 | 登录号 | 条形码 | 馆藏地/架位号 | 状态 | 备注 |
| 1 | 669998 | 206699982 | 社科库509/509社科库 52排5列2层/ [索取号:B848.4-49/Z031] | 在馆 | |
| 2 | 669999 | 206699991 | 社科库509/509社科库 52排5列2层/ [索取号:B848.4-49/Z031] | 在馆 | |
| 3 | 670000 | 206700006 | 社科库509/ [索取号:B848.4-49/Z031] | 在馆 |